1778 1438 1406 1199 1363 1839 1292 1310 1465 1413 1533 1571 1323 1062 1246 1208 1597 1017 1619 1490 1023 1892 1622 1431 1449 1198 1706 1150 1936 1745 1724 1205 1600 1323 1440 1200 1142 1780 1293 1851 1055 1725 1819 1790 1088 1937 1488 1132 1365 1306 1269 1269 1598 1174 1259 1634 1074 1075 1234 1648 1400 1134 1726 1976 1722 1897 1789 1402 1215 1278 1602 1791 1271 1569 1732 1829 1800 1019 1230 1617 1276 1944 1681 1452 1922 1372 1643 1198 1028 1420 1984 1892 1213 1309 1906 1396 1440 1247 1685 BCNSPRNW ULIB Ver.6.0+V

เปลี่ยนเป็นภาษาไทย

Change to English
 แสดงรายละเอียดบรรณานุกรม
  กลับหน้าหลัก

Brief Record : Get Marc (ISO 2709) : E-mail record : QR code < ปิดหน้าต่าง
LEADER : 00000nam 2200000uu 4500
001    13399113068
003     ULIB
008    110923s2546||||th 000 0 tha d
020    9749007336
041 1  tha^heng
050 04 PE1130^bK111ว 2546
100 0  เคลลี, เจอรัลด์
245 10 วิธีสอนการออกเสียง = How to teach pronunciation /^cGerald Kelly, เขียน ; Jeremy Harmer, บรรณาธิการชุดภาษาอังกฤษ ;รัชนีโรจน์ กุลธำรง, แปลและเรียบเรียง ; พงษ์ศรี เลขะวัฒนะ, บรรณาธิการชุดภาษาไทย
250    พิมพ์ครั้งที่ 1
260    กรุงเทพฯ :^bบริษัท เพียร์สัน เอ็ดดูเคชั่น อินโดไชน่า,^c2546
300    viii, 191 หน้า :^bภาพประกอบ ;^c25 ซม. +^eซีดี-รอม 1 แผ่น (4 3/4 นิ้ว)
650  7 ภาษาอังกฤษ^xการออกเสียง^xการศึกษาและการสอน
650  7 ภาษาอังกฤษ^xสัทศาสตร์
700 0  รัชนีโรจน์ กุลธำรง
700 12 Kelly, Gerald.^tHow to teach pronunciation
945    ^p392^l0^i021682
945    ^p392^l0^i021683
995    ทศพร
999 ^a ศิริพร
รายการนี้ยังไม่มีแท็ก
คุณยังไม่ได้ล็อกอิน คุณสามารถมีกิจกรรมร่วมกับเว็บไซต์ได้ แต่ต้องล็อกอินก่อน ::
  ล็อกอิน

รายการสื่อสารสนเทศ

ลำดับที่ ประเภท เลขเรียก/บาร์โค้ด สถานที่ สถานะ
- ไม่พบข้อมูล -

รายการใกล้เคียง
    ผู้แต่ง [เคลลี, เจอรัลด์]

BibComment


ยังไม่เคยถูกคอมเมนท์

คอมเมนท์ทรัพยากรรายการนี้
  คอมเมนท์: วิธีสอนการออกเสีย..


 Copyright 2026. Bcnsprnw @Library